00285nam a2200121Ia 4500008004100000100002600041245002600067260002600093300000700119650001300126942000700139999001700146190216s9999||||xx |||||||||||||| ||und|| aVeloor Krishnan Kutty 0aMasappadi Productions bPoorna Pubs Kozhikode a79 aKathakal cBK c27504d27504